Name the square of that number in 2 minutes #2 - Statistics

General Stats
  • This quiz has been taken 9 times
  • The average score is 8 of 13
Answer Stats
Hint Answer % Correct
2 4
86%
24 576
86%
4 16
71%
13 169
71%
14 196
71%
15 225
71%
60 3600
71%
17 289
57%
25 625
57%
26 676
57%
47 2209
29%
48 2304
29%
85 7225
29%
No matching quizzes found
Score Distribution
Percent of People with Each Score
Percentile by Number Answered
Your Score History
You have not taken this quiz